Wild at heart : (Record no. 50090)
| 000 -LEADER | |
|---|---|
| fixed length control field | 01547nam a2200217 4500 |
| 020 ## - INTERNATIONAL STANDARD BOOK NUMBER | |
| International Standard Book Number | 9781400202812 |
| Qualifying information | revised |
| 020 ## - INTERNATIONAL STANDARD BOOK NUMBER | |
| International Standard Book Number | 9780785287964 |
| 020 ## - INTERNATIONAL STANDARD BOOK NUMBER | |
| International Standard Book Number | 9780785287964 |
| Qualifying information | tp |
| 020 ## - INTERNATIONAL STANDARD BOOK NUMBER | |
| Cancelled/invalid ISBN | 9781418509286 (ebook) |
| 035 ## - SYSTEM CONTROL NUMBER | |
| System control number | 16326831 |
| 040 ## - CATALOGING SOURCE | |
| Original cataloging agency | DLC |
| Transcribing agency | DLC |
| 050 00 - LIBRARY OF CONGRESS CALL NUMBER | |
| Classification number | BV4528.2 |
| Item number | .E45 2010 |
| 100 1# - MAIN ENTRY--PERSONAL NAME | |
| Personal name | Eldredge, John, |
| Relator term | author. |
| 9 (RLIN) | 48832 |
| 245 10 - TITLE STATEMENT | |
| Title | Wild at heart : |
| Remainder of title | discovering the secret of a man's soul / |
| Statement of responsibility, etc | John Eldredge. |
| 260 ## - PUBLICATION, DISTRIBUTION, ETC. (IMPRINT) | |
| Place of publication, distribution, etc | Nashville, Tenn. : |
| Name of publisher, distributor, etc | T. Nelson, |
| Date of publication, distribution, etc | August 16, 2022 |
| 300 ## - PHYSICAL DESCRIPTION | |
| Extent | xiii, 256 p. ; |
| Dimensions | 22 cm. |
| 520 ## - SUMMARY, ETC. | |
| Summary, etc | Helping men rediscover their masculine heart, this guide to understanding Christian manhood and Christian men offers a refreshing break from the chorus of voices urging men to be more responsible, reliable, dutifulÂ… and dead. God designed men to be dangerous, says John Eldredge. Simply look at the dreams and desires written in the heart of every boy: To be a hero, to be a warrior, to live a life of adventure and risk. Sadly, most men abandon those dreams and desires-aided by a Christianity that feels like nothing more than pressure to be a "nice guy." It is no wonder that many men avoid church, and those who go are often passive and bored to death. In this provocative book, now available in trade paper, Eldredge gives women a look inside the true heart of a man and gives men permission to be what God designed them to be-dangerous, passionate, alive, and free. |
| 650 ## - SUBJECT ADDED ENTRY--TOPICAL TERM | |
| Topical term or geographic name as entry element | Christian men |
| General subdivision | Religious life. |
| 650 ## - SUBJECT ADDED ENTRY--TOPICAL TERM | |
| Topical term or geographic name as entry element | Masculinity |
| General subdivision | Religious aspects |
| -- | Christianity. |
| 942 ## - ADDED ENTRY ELEMENTS (KOHA) | |
| Source of classification or shelving scheme | |
| Koha item type | Book |
| Withdrawn status | Lost status | Source of classification or shelving scheme | Damaged status | Not for loan | Home library | Current library | Date acquired | Total Checkouts | Full call number | Barcode | Date last seen | Price effective from | Koha item type |
|---|---|---|---|---|---|---|---|---|---|---|---|---|---|
| Logos International School | Logos International School | 01/16/2026 | 248.842 ELD | 040822 | 01/20/2026 | 01/16/2026 | Book |